Les 10 plus grands stades de football d'Europe - Statistiques

Statistiques générales
  • Ce quiz a été pris 916 fois
  • Le résultat moyen est 5 sur 10
Statistiques - réponses
Hint Capacité Réponse % Correct
1 99 354 Camp Nou
93%
4 81 044 Santiago Bernabeu
61%
9 75 025 Allianz Arena
60%
6 80 698 Stade de France
58%
2 90 000 Wembley
54%
7 80 074 San Siro
50%
8 75 643 Old Trafford
48%
3 81 365 Signal Iduna Park
29%
5 81 000 Stade olympique Loujniki
2%
10 74 228 Olympiastadion Berlin
0%
Aucun quiz correspondant
Distribution des résultats
% des personnes avec chaque résultat
Percentile par nombre de réponses
Votre historique - résultats
Vous n’avez pas pris ce quiz